Medieval popular culture: problems of belief and perception / trad. por jános m. bak, paul a. hollingsworth
Guardado en:
| Autor Principal: | |
|---|---|
| Otros Autores: | , |
| Formato: | Libro |
| Publicado: |
Cambridge :
University Press,
1995
|
| Materias: | |
| Etiquetas: |
Agregar Etiqueta
Sin Etiquetas, Sea el primero en etiquetar este registro!
|
| LEADER | 00681nam a22002055a 4500 | ||
|---|---|---|---|
| 001 | EHU.bham044482 | ||
| 003 | AR-BHAM | ||
| 005 | 20161214114117.0 | ||
| 008 | 130507s1995##################000#0#####d | ||
| 020 | |a 0521303699 | ||
| 082 | 9 | 4 | |a 940.1 |
| 100 | 1 | |a Gurevich, Aron | |
| 245 | 1 | 0 | |a Medieval popular culture: problems of belief and perception / |b trad. por jános m. bak, paul a. hollingsworth |c Aron Gurevich : |
| 260 | |a Cambridge : |b University Press, |c 1995 | ||
| 300 | |a 275 p. | ||
| 653 | |a Edad media | ||
| 653 | |a Cultura medieval | ||
| 700 | 1 | |a Bak, János M., trad. | |
| 700 | 1 | |a Hollingsworth, Paul A., trad. | |
| 859 | |a AR-BHAM |b BIB. HUMANIDADES - General |h 940.1 |i G961 |p 738.16 |t Ej.1 | ||
